Les 10 villes les plus peuplées de la Corse du Sud (2A) - Statistiques

Statistiques générales
  • Ce quiz a été pris 42 fois
  • Le résultat moyen est 5 sur 10
Statistiques - réponses
Population Communes % Correct
75 400 Ajaccio
97%
11 500 Porto-Vecchio
92%
3 300 Bonifacio
82%
3 700 Sartène
69%
3 900 Propriano
67%
4 300 Bastelicaccia
33%
3 400 Afa
23%
3 600 Alata
18%
3 300 Grosseto-Prugna
15%
3 300 Sarrola-Carcopino
10%
Aucun quiz correspondant
Distribution des résultats
% des personnes avec chaque résultat
Percentile par nombre de réponses
Votre historique - résultats
Vous n’avez pas pris ce quiz